00589nam a2200133Ia 4500003000900000005001700009008004100026040002800067110006300095245014400158260008100302300004100383650003100424DO-SdBJH20180416230544.0180414s9999 dr 000 0 spa d aDO-SdBJHbspacDO-SdBJH aInstituto de Cooperación para la Seguridad Hemisférica10a FM 7-20 Batallones de infantería aerotransportada e infantería mecanizada / Instituto de Cooperación para la Seguridad Hemisférica aFuerte Benning, Georgia : Cuartel General Secretaría del Ejército, 1963 a468 páginas en varias paginaciones 4aBatallones -- Infantería